Missing Word: TV Show Pairs I Quiz Stats

 Plays Quiz Updated Jul 30, 2017

Support Sporcle.
Go Orange.
Score 0/20 Timer 02:00
3 Plays Today
TV Show Shared Word % Correct
The ___ Bang Theory Big
99%
Sex and the ___City
98.8%
How I Met Your ___Mother
98.6%
___ DiariesVampire
98.1%
___ & OrderLaw
98%
One Tree ___Hill
95.9%
Wizards of Waverly ___Place
95.8%
Friday ___ LightsNight
95.6%
Modern ___Family
95.6%
___, M.D.House
90.9%
TV Show Shared Word % Correct
___, She WroteMurder
90.8%
30 ___Rock
89.6%
Veronica ___Mars
89.3%
___ HuntersGhost
87.7%
My Three ___Sons
85.1%
Mad ___Men
85.1%
Who's the ___?Boss
84.5%
___ PracticePrivate
73.9%
Chicago ___Hope
67.6%
___ DadAmerican
58.2%

Today's Daily Dose

You're not logged in!

Compare scores with friends on all Sporcle quizzes.
OR
Log In
Forgot?

From the Vault

Christmas Teams

by Exodiafinder687

We hope all their Christmas swishes come true.
Remove Ads.
Support Sporcle.
Get the best of Sporcle when you Go Orange. This ad-free experience offers more features, more stats, and more fun while also helping to support Sporcle. Thank you for becoming a member.

Show Comments

Extras

Top Quizzes Today


Score Distribution

Your Account Isn't Verified!

In order to create a playlist on Sporcle, you need to verify the email address you used during registration. Go to your Sporcle Settings to finish the process.

Report this User

Report this user for behavior that violates our Community Guidelines.

Details: